Responses for show #7703 - Wednesday, February 21, 2018

Rob Worman game 6.

Contestants

Bryan Brzycki, a stay-at-home dad from Indianapolis, Indiana

Kristy Calman, a media strategist from Louisville, Kentucky

Rob Worman, an escalation manager from Edina, Minnesota (whose 5-day cash winnings total $113,899)

Jeopardy! Round responses

VERY, VERY U.K. ELECTION CONSTITUENCIES
____ OF THE ____
INTERJECTIONS!
"C" THE FLOWERS
YOU KNOW MY NAME
LOOK UP THE BEATLES NUMBER
    $200 8
Fruit of the Loom

Rob
    $200 27
[The end-of-round signal sounds.]

checkmate

Rob
    $200 6
carnations

Rob
    $200 24
(Alex: With less than a minute to go now.)

Lafayette

Kristy
    $200 16
"When I'm 64"

Rob
    $400 18
friend of the court

Rob
    $400 17
chamomile

Kristy
    $2,600 26
Jimmy Hoffa

Kristy
    $400 15
"Ob-La-Di, Ob-La-Da"

Rob
    $600 2
Cardiff

Triple Stumper
    $600 19
chairman of the board

Kristy
    $600 5
(Bryan: What is amen?

allelujah

KristyBryan
    $600 7
cabbage

Bryan
    $600 22
Rasputin

Rob
    $600 1
"Come Together"

Rob
    $800 3
(Bryan: What is Sherwood?)

Nottingham

Bryan
Triple Stumper
    $800 20
Battle of the Bulge

Kristy
    $800 9
Jove

Rob
    $800 11
a calla lily

Rob
    $800 23
Nancy Reagan

Bryan
    $800 13
"When I Saw Her Standing There" (or "I Saw Her Standing There")

Rob
    $1000 4
Windsor

Triple Stumper
    $1000 21
the Book of the Dead

Rob
    $1000 10
fiddle-dee-dee

Rob
    $1000 12
(Bryan: What is a chrysanthemum?)
...
(Alex: The man's name was Kamel, spelled with a "K", and the flower is [*], spelled with a "C".)

camellia

Bryan
Triple Stumper
    $1000 25
Medgar Evers

Triple Stumper
    $1000 14
"Taxman"

Rob

Scores at the first commercial break (after clue 15):

Rob Kristy Bryan
$5,800 $600 -$1,800

Scores at the end of the Jeopardy! Round:

Rob Kristy Bryan
$8,200 $5,200 -$1,000

Double Jeopardy! Round responses

BESTSELLERS
SITCOMEDY TONIGHT
5-LETTER PALINDROMES
CLASSICAL ARCHITECTURE
HODGEPODGE
POTENTATE POTABLES
    $400 14
Green

Bryan
    $400 6
Everybody Loves Raymond

Rob
    $400 1
stats

Rob
    $400 26
(Alex: Less than a minute now.)

the throne

Bryan
    $400 9
a monarch butterfly

Bryan
    $400 22
vodka

Kristy
    $800 15
(Rob: Who is Forster?)

Karen Blixen

Rob
Triple Stumper
    $800 16
(Rob: Who is... I just forgot.)
(Alex: Oh, that's too bad.)
(Rob: Chris Pine.)

Chris Pratt

RobBryan
    $800 17
a tenet

Rob
    $2,000 27
(Bryan: What are... coliseums?)

baths

Bryan
    $800 10
German

Rob
    $800 23
Hammurabi

Rob
    $1200 2
(Bryan: What is... Valhalla?)

Asgard

RobBryan
    $1200 5
All in the Family

Bryan
    $7,000 18
radar

Rob
    $1200 28
a colonnade

Triple Stumper
    $1200 11
digital

Kristy
    $1200 21
(Bryan: What is lager?)

stout

KristyBryan
    $1600 3
The Glass Castle

Triple Stumper
    $1600 7
Broad City

Triple Stumper
    $1600 19
refer

Rob
    $1600 29
[The end-of-round signal sounds.]

Tuscany

Triple Stumper
    $1600 12
(Bryan: What is handball?)

Newcomb ball

Bryan
Triple Stumper
    $1600 24
cognac

Bryan
    $2000 4
(Jon) Krakauer

Rob
    $2000 8
Spin City

Kristy
    $2000 20
(Bryan: What is Anna?)

Ababa

Bryan
Triple Stumper
    $2000 13
Norman Mineta

Triple Stumper
    $2000 25
Canada

Bryan

Scores at the end of the Double Jeopardy! Round:

Rob Kristy Bryan
$21,600 $10,000 -$2,200
(lock game)

[wagering suggestions for these scores]

Final Jeopardy! Round responses

WORLD WAR I
KristyWhat is ?
$9,900
RobWhat is Hi Davi! ☺
$1,599
Gallipoli

Final scores:

Rob Kristy Bryan
$20,001 $100 -$2,200
6-day champion: $133,900 2nd place: $2,000 3rd place: $1,000

Game dynamics:

Coryat scores:

Rob Kristy Bryan
$15,800 $7,800 -$200
23 R
(including 1 DD),
2 W
10 R
(including 1 DD),
0 W
9 R,
8 W
(including 1 DD)

Combined Coryat: $23,400

The J! Archive is created by fans, for fans. The Jeopardy! game show and all elements thereof, including but not limited to copyright and trademark thereto, are the property of Jeopardy Productions, Inc. and are protected under law. This website is not affiliated with, sponsored by, or operated by Jeopardy Productions, Inc. Join the discussion at JBoard.tv.